000 00414nam a2200133 a 4500
001 000045630
005 20250130114120.0
008 150417s19uu dr 000 0 spa d
040 _aDO-SdBNP
_bspa
_cBNPHU
100 1 _aMateo, Tirso,
_929285
245 1 0 _aCronologĂ­a de las poesĂ­as populares en Santo Domingo. :
_bensayo /
_cTirso Mateo.
260 _aSanto Domingo :
_b[s.d.],
_c[s.f.].
300 _a143 p. ;
_c21 cm.
999 _c45119
_d45119